1772 1059 1069 1757 1390 1211 1218 1176 1207 1626 1217 1628 1347 1273 1831 1885 1331 1739 1579 1427 1812 1019 1174 1559 1971 1529 1957 1377 1811 1263 1642 1243 1090 1373 1479 1638 1437 1319 1853 1993 1062 1009 1679 1323 1037 1130 1734 1652 1357 1493 1824 1125 1789 1872 1322 1463 1386 1404 1860 1554 1313 1576 1058 1871 1251 1251 1495 1335 1820 1925 1072 1527 1862 1523 1658 1619 1762 1018 1423 1236 1252 1750 1863 1031 1293 1826 1345 1824 1283 1929 1423 1913 1743 1006 1821 1841 1730 1821 1676 BCNSPRNW ULIB Ver.6.0+V

เปลี่ยนเป็นภาษาไทย

Change to English
 แสดงรายละเอียดบรรณานุกรม
  กลับหน้าหลัก

Brief Record : Get Marc (ISO 2709) : E-mail record : QR code < ปิดหน้าต่าง
LEADER : 00000nam 2200000uu 4500
001    13399111627
003     ULIB
008    110627s||||||||th 000 0 tha d
020    9786160601226
090    นว.^bภ382ค 2553
100 0  ภัสรสา
245 00 ความรู้สึกดีที่เรียกว่ารัก : แผนร้อนซ่อนรัก/^cภัสรสา
250    พิมพ์ครั้งที่ 2
260    กรุงเทพฯ :^bแจ่มใส,^c2553
300    308 หน้า
945    ^p189^l0^i028062
995    ทศพร
999 ^a ใช้งานได้ทุกระบบ
รายการนี้ยังไม่มีแท็ก
คุณยังไม่ได้ล็อกอิน คุณสามารถมีกิจกรรมร่วมกับเว็บไซต์ได้ แต่ต้องล็อกอินก่อน ::
  ล็อกอิน

รายการสื่อสารสนเทศ

ลำดับที่ ประเภท เลขเรียก/บาร์โค้ด สถานที่ สถานะ
- ไม่พบข้อมูล -

รายการใกล้เคียง
    ผู้แต่ง [ภัสรสา]

BibComment


ยังไม่เคยถูกคอมเมนท์

คอมเมนท์ทรัพยากรรายการนี้
  คอมเมนท์: ความรู้สึกดีที่เร..


 Copyright 2026. Bcnsprnw @Library